[Event "Lesa op 1st"]
[Site "Lesa"]
[Date "2012.10.13"]
[Round "2"]
[White "Faraci, Libero"]
[Black "Antenori, Emanuele"]
[Result "1-0"]
[WhiteElo "1685"]
[BlackElo "1440"]
[PlyCount "57"]
[EventDate "2012.10.12"]
[EventType "swiss"]
[EventRounds "5"]
[EventCountry "ITA"]
[SourceTitle "EXT 2015"]
[Source "ChessBase"]
[SourceDate "2014.11.20"]
[SourceVersion "1"]
[SourceVersionDate "2014.11.20"]
[SourceQuality "1"]

1. Nf3 Nc6 2. d4 d5 3. g3 Be6 4. Bg2 h6 5. 0-0 Qd7 6. Nc3 Nf6 7. Ne5 Nxe5 8. dxe5 Ng4 9. Nxd5 Nxe5 10. Bf4 f6 11. Bxe5 fxe5 12. Ne3 0-0-0 13. Qxd7+ Rxd7 14. Rfd1 g5 15. Rxd7 Bxd7 16. Nc4 Bg7 17. e4 Bb5 18. Ne3 Rd8 19. Rd1 Rd4 20. f3 Rd6 21. Rd5 Bc6 22. Rd1 h5 23. Nd5 Bf6 24. Ne3 g4 25. h3 Bg5 26. Rxd6 exd6 27. Nf5 gxh3 28. Bxh3 Bxe4 29. Nxd6+ 1-0